|
|
|
|
| LEADER |
00000cam a2200000 a 4500 |
| 001 |
vtls009328940 |
| 003 |
SK-MaSNL |
| 005 |
20260302091457.0 |
| 008 |
250313s1944 xo haoc 000 0dhun |
| 035 |
|
|
|a urn:nbn:sk:snk-am00db6m
|
| 035 |
|
|
|a urn:nbn:sk:snk-am3hw7o
|
| 035 |
|
|
|a C2F64A01-AF5D-4D9D-BB51-8FE733A83BC9
|
| 040 |
|
|
|a SNK
|b slo
|c SNK
|e AACR2
|
| 041 |
0 |
|
|a hun
|
| 044 |
|
|
|a xo
|c SK
|
| 080 |
|
|
|a 069
|2 2001
|
| 080 |
|
|
|a (092)
|2 2001
|
| 100 |
1 |
|
|a Mihalik, Alexander,
|d 1900-1969
|4 aut
|9 172644
|
| 245 |
1 |
0 |
|a Benczúr Kassán
|c Mihalik Sándor
|
| 260 |
|
|
|a Kassa
|b Felsőmagyarországi Rákoci Múzeum
|c 1944
|e Kassa
|f Nyomta: "Wiko" Kő-És Könyvnyomdai műintézet
|
| 300 |
|
|
|a 46, [66] s.
|b faks., fotogr., ilustr., portréty
|c 8°
|c 24 cm
|e obr. príloha
|
| 600 |
1 |
7 |
|a Benczúr, Gyula,
|d 1844-1920
|2 SNKMA
|9 193965
|
| 650 |
0 |
7 |
|a múzeá
|2 SNKPH
|9 4119
|
| 650 |
0 |
7 |
|a maliari
|2 SNKPH
|9 3150
|
| 655 |
|
7 |
|a biografie
|2 SNKPH
|9 27965
|
| 752 |
|
|
|a Slovensko
|d Košice
|
| 852 |
|
|
|a Slovenská národná knižnica
|
| 958 |
|
|
|a HU
|
| 958 |
|
|
|a BC
|
| 958 |
|
|
|a OND
|
| 999 |
|
|
|c 1200779
|d 1202709
|
| 952 |
|
|
|a SNK
|b SNK
|y VYP
|7 0
|p 17A1349009
|o snkSC 3553 D1
|i snkVIII. 2755/55
|0 0
|1 0
|4 0
|d 2023-02-27
|l 0
|r 2026-02-24 22:41:12
|w 2026-02-24
|
| 952 |
|
|
|a SNK
|b SNK
|y PREZ
|7 0
|p 17A0757134
|o snkSC 3553
|i snk2926/46
|0 0
|1 0
|4 0
|d 2018-09-25
|f 1
|l 0
|r 2025-06-25 00:00:00
|w 2026-02-24
|